Revista abogaca̕ La voz y la pluma de los juristas

Bibliographic Details
Format: eBook
Language:Spanish
Subjects:
Online Access:Acceso restringido

MARC

LEADER 00000nam a22000007a 4500
005 20210717001220.0
007 cr|||| ||||
008 210717c20219999mx mr|w s|||| 0|||b1spa d
035 |a 34849 
040 |a vLex 
090 |c 11873  |d 11873 
245 0 0 |a Revista abogaca̕  |h [Recurso electrn̤ico] :  |b La voz y la pluma de los juristas 
256 |a Servicio en ln̕ea 
300 |a 1 recurso electrn̤ico 
310 |a Mensual 
362 |a Nð 1-1 (Mar. 2021) - 
500 |a Es una revista mensual de actualidad jurd̕ica y distribucin̤ nacional que se posicionar ̀como la revista ms̀ consultada por los profesionales del derecho en Mx̌ico. 
506 1 |a Disponible solo en los productos indicados  |d vLex Global  |d vLex Global (Academic Edition, excluding Law Schools)  |d vLex Global (U.S. Academic Edition, Law Schools)  |d vLex Global (U.S. Academic Edition, excluding Law Schools)  |d vLex Global (Academic Edition, Law Schools) 
650 0 4 |a Abogados  |z Mx̌ico 
650 0 4 |a Derecho Pb︢lico y Administrativo  |z Mx̌ico 
740 0 |a vLex Revistas (Servicio en ln̕ea) 
856 4 0 |u https://vlex.com/source/revista-abogacia-la-voz-y-la-pluma-de-los-juristas-34849  |z Acceso restringido 
942 |c REV 
999 0 |a Lawyers 
999 0 |a Public and Administrative Law